000 00611nam a2200205 a 4500
003 OSt
005 20191125135714.0
008 071004s1977 esp 000 0 spa d
040 _cBMC
082 _a808.0689
100 1 _931217
_aMoskowitz, Sam
245 1 0 _aObras maestras de la ciencia ficción
_cSam Moskowitz ; [traducción, M. Blanco]
250 _a1ª ed
260 _aBuenos Aires
_bBronte
_c[1977]
300 _a644 p.
_c20 cm
546 _aTraducción de: Modern masterpieces of science fiction
650 2 4 _929319
_aCuentos de ciencia ficción
700 1 _aBlanco, M.
_931216
942 _2ddc
_cBK
999 _c18319
_d18319